Grosse rechtsdenker der Deutschen geistesgeschichte

সংরক্ষণ করুন:
গ্রন্থ-পঞ্জীর বিবরন
প্রধান লেখক: Wolf, Erik (Author)
বিন্যাস: গ্রন্থ
ভাষা:জার্মান
প্রকাশিত: Tubinga Verlag von J.C.B. Mohr -Paul Siebeck- 1951
সংস্করন:1a. ed
বিষয়গুলি:
ট্যাগগুলো: ট্যাগ যুক্ত করুন
কোনো ট্যাগ নেই, প্রথমজন হিসাবে ট্যাগ করুন!

MARC

LEADER 00000cam a2200000 a 4500
001 UCD4664
003 CL-VaPUC
008 160713e19510000gw |||||||||||||||||ger|d
082 0 4 |a 340.043  |b WOL  |2 21 
100 0 |a Wolf, Erik  |e author  |9 588398 
245 1 0 |a Grosse rechtsdenker der Deutschen geistesgeschichte 
250 |a 1a. ed 
300 |a 739 p 
942 |c BK 
945 |d 20160713 20:53:00  |a arojas 
260 |a Tubinga  |b Verlag von J.C.B. Mohr -Paul Siebeck-  |c 1951 
650 0 |a Derecho alemán   |9 385144 
650 0 |a Juristas  |9 255986 
650 0 |a Historia de Alemania  |9 431857 
650 0 |a Biografías  |9 255210 
583 |a last modification  |c 20160713 20:53:00  |k Rodrigo Vera 
999 |c 365534  |d 365532 
952 |0 0  |1 0  |3 erd  |4 0  |6 340_043000000000000_WOL_1951  |7 0  |8 A  |9 479417  |a FDOHBE  |b FDOHBE  |e Huesbe Llanos, Marco Antonio, 1934-  |i 5331226  |o 340.043 WOL 1951  |p 5331226  |r 2024-01-30  |w 2019-11-24  |y BK  |z Catalogado en:20160713  |k HBE